000 00352nam a2200157Ia 4500
008 230605s2010 xx 000 0 und d
041 _aeng
100 _aDhavan
245 _aFood and beverage service(1
260 _bFrank Brothers & Co.
_c2010
300 _a412
365 _b229
_h10
500 _a2002
520 _aGeneral
650 _aF. B.
999 _c419035
_d419035